| 000 | 00693nam a2200253Ia 4500 | ||
|---|---|---|---|
| 008 | 171120s9999 xx 000 0 und d | ||
| 020 | _a9710870378 | ||
| 050 | _a302.23 | ||
| 050 | _bM251 2011 | ||
| 100 | _aMalinao, Alito L. | ||
| 245 | _aHandbook on basic media laws and ethics / | ||
| 245 | _cby Alito L. Malinao ; introduction by Atty. Hector A. Villacorta. | ||
| 250 | _aFirst edition | ||
| 260 | _aPhilippines : | ||
| 260 | _bNational Book Store, | ||
| 260 | _c2011 | ||
| 300 | _a334 pages : | ||
| 300 | _billustrations ; | ||
| 300 | _c21cm. | ||
| 650 | _aMass media -- | ||
| 650 | _xHandbooks, manuals, etc. | ||
| 700 | _aTitle. | ||
| 700 | _aVillacorta, Hector A. | ||
| 999 |
_c345335 _d345335 |
||